Odmeňovanie zamestnancov v spoločnosti ABC Slovakia, s.r.o. bakalárska práca

Na minha lista:
Detalhes bibliográficos
Autor principal: Masláková, Stanislava
Autor Corporativo: Fakulta podnikového manažmentu EU. Katedra podnikovohospodárska
Outros Autores: Grančičová, Katarína, 1967-
Formato: Livro
Idioma:eslovaco
Publicado em: Bratislava 2010
Tags: Adicionar Tag
Sem tags, seja o primeiro a adicionar uma tag!

MARC

LEADER 00000nbm a2200000 4500
001 0136690
005 20110914091054.9
041 0 |a slo 
044 |a SK 
245 1 0 |a Odmeňovanie zamestnancov v spoločnosti ABC Slovakia, s.r.o.  |b bakalárska práca  |c Stanislava Masláková ; školiteľ: Katarína Grančičová 
264 1 |a Bratislava  |c 2010 
300 |a 43 s. 
100 1 |a Masláková, Stanislava 
700 1 |a Grančičová, Katarína, 1967- 
710 2 |a Fakulta podnikového manažmentu EU. Katedra podnikovohospodárska